| 000 | 00453nam a2200169Ia 4500 | ||
|---|---|---|---|
| 005 | 20250612015511.0 | ||
| 008 | 240331s9999 xx 000 0 und d | ||
| 020 | _a9559123386 | ||
| 082 |
_bRAT _a322 |
||
| 100 | _aRatnayaka, K | ||
| 245 | 0 |
_aJanatha vimukthi peramuna : _bradical wadaya sita facistwadaya dakwa |
|
| 260 |
_aColombo _bWorker's Pathway Publishers _c1997 |
||
| 300 | _a80 p ., | ||
| 650 | _aRadicalisum | ||
| 650 | _afascism | ||
| 942 | _cL | ||
| 999 |
_c2398 _d2398 |
||